| 000 | 00417nam a2200169Ia 4500 | ||
|---|---|---|---|
| 008 | 230711s9999||||xx |||||||||||||| ||und|| | ||
| 020 | _a81-239-0886-5 | ||
| 041 | _aENG | ||
| 082 |
_a615.321 _bWA-T |
||
| 100 | _aWallis, T.E | ||
| 245 | 0 | _aTextbook of Pharmacognosy | |
| 250 | _a5th Ed. | ||
| 260 |
_c1985 _aNew Delhi _bCBS Publishers & Distributors Pvt.Ltd |
||
| 300 | _a652p. | ||
| 650 | _aPharmacy | ||
| 942 | _cBK | ||
| 999 |
_c7481 _d7481 |
||